PG Edition of Netherlands series — Complete (Record no. 234229)
[ view plain ]
| 000 -LEADER | |
|---|---|
| fixed length control field | 00885cam a22002413a 4500 |
| 001 - CONTROL NUMBER | |
| control field | 4900 |
| 003 - CONTROL NUMBER IDENTIFIER | |
| control field | PGUSA |
| 005 - DATE AND TIME OF LATEST TRANSACTION | |
| control field | 20140828083111.0 |
| 008 - FIXED-LENGTH DATA ELEMENTS--GENERAL INFORMATION | |
| fixed length control field | 041109s2004||||xxu|||||s|||||000 | eng d |
| 040 ## - CATALOGING SOURCE | |
| Original cataloging agency | PGUSA |
| Language of cataloging | eng |
| 042 ## - AUTHENTICATION CODE | |
| Authentication code | dc |
| 050 #4 - LIBRARY OF CONGRESS CALL NUMBER | |
| Classification number | DH |
| 100 1# - MAIN ENTRY--PERSONAL NAME | |
| Personal name | Motley, John Lothrop, |
| Dates associated with a name | 1814-1877 |
| 245 10 - TITLE STATEMENT | |
| Title | PG Edition of Netherlands series — Complete |
| Medium | [electronic resource] / |
| Statement of responsibility, etc | John Lothrop Motley |
| 260 ## - PUBLICATION, DISTRIBUTION, ETC. (IMPRINT) | |
| Name of publisher, distributor, etc | Project Gutenberg, |
| Date of publication, distribution, etc | 2004 |
| 505 0# - FORMATTED CONTENTS NOTE | |
| Formatted contents note | The Rise of the Dutch Republic, 1555-1584 -- History of the United Netherlands, 1584-1609 -- Life and Death of John of Barneveld, 1609-1623 -- A Memoir of John Lothrop Motley (by Oliver Wendell Holmes, Sr.) |
| 506 ## - RESTRICTIONS ON ACCESS NOTE | |
| Terms governing access | Public domain in the USA. |
| 516 ## - TYPE OF COMPUTER FILE OR DATA NOTE | |
| Type of computer file or data note | Electronic text |
| 653 ## - INDEX TERM--UNCONTROLLED | |
| Uncontrolled term | Netherlands -- History |
| 830 #0 - SERIES ADDED ENTRY--UNIFORM TITLE | |
| Uniform title | Project Gutenberg |
| Volume number/sequential designation | 4900 |
| 856 40 - ELECTRONIC LOCATION AND ACCESS | |
| Uniform Resource Identifier | <a href="http://www.gutenberg.org/ebooks/4900">http://www.gutenberg.org/ebooks/4900</a> |
| 942 ## - ADDED ENTRY ELEMENTS (KOHA) | |
| Koha item type | eBooks |
| Withdrawn status | Lost status | Damaged status | Home library | Current library | Date acquired | Total Checkouts | Date last seen | Price effective from | Koha item type |
|---|---|---|---|---|---|---|---|---|---|
| Project Gutenberg | Project Gutenberg | 08/28/2014 | 08/28/2014 | 08/28/2014 | eBooks |